Soạn thảo văn bản với Microsoft Word 2000 : Phần căn bản /
Tổng quát. Nhập, trình bày, lưu trữ, xem trước khi in, truy xuất, gióng biên, tô nền, mốc dừng, column, autotext, auto correct, drop cap...
Sparad:
| Huvudupphovsman: | |
|---|---|
| Materialtyp: | Bok |
| Språk: | Vietnamese |
| Publicerad: |
Tp.HCM :
Thống kê,
2000.
|
| Ämnen: | |
| Taggar: |
Lägg till en tagg
Inga taggar, Lägg till första taggen!
|
| Thư viện lưu trữ: | Mạng thư viện Đại học Đà Nẵng |
|---|
| LEADER | 01062cam a2200349 i 4500 | ||
|---|---|---|---|
| 001 | 000043090 | ||
| 003 | 965 | ||
| 005 | 20060314084559.0 | ||
| 008 | 010217b2000 vm 000 vie | ||
| 020 | |c 34000 | ||
| 040 | |a IRC |c IRC |d IRC | ||
| 041 | 0 | |a vie | |
| 082 | 1 | 4 | |a 005.15 |b ÔN-T |
| 100 | 1 | |a Ông Văn Thông. | |
| 245 | 1 | 0 | |a Soạn thảo văn bản với Microsoft Word 2000 : |b Phần căn bản / |c Ông Văn Thông. |
| 260 | |a Tp.HCM : |b Thống kê, |c 2000. | ||
| 300 | |a 228 tr. ; |c 27 cm. | ||
| 520 | 3 | |a Tổng quát. Nhập, trình bày, lưu trữ, xem trước khi in, truy xuất, gióng biên, tô nền, mốc dừng, column, autotext, auto correct, drop cap... | |
| 630 | 0 | 4 | |a Tin học. |
| 630 | 0 | 4 | |a Word. |
| 630 | 0 | 4 | |a Computer programs. |
| 650 | 0 | 4 | |a Microsoft Word (Chương trình máy tính) |
| OWN | |a DUT | ||
| 999 | |a From the UDN01 | ||
| TYP | |a Monograph | ||
| TYP | |a Printed language | ||
| 980 | |a Mạng thư viện Đại học Đà Nẵng | ||